[Event "LSS No Engine Cup 208 Preliminary 0"]
[Site "LSS email"]
[Date "2020.10.01"]
[Round "?"]
[White "Breuer, Stefan"]
[Black "Van Hoorebeke, Jimmy"]
[Result "0-1"]
[WhiteElo "1600"]
[BlackElo "1600"]
[PlyCount "66"]
[EventDate "2020.10.01"]
[EventType "tourn (corr)"]
[EventRounds "6"]
[EventCountry "GER"]
[SourceTitle "Corr 2022"]
[Source "ChessBase"]
[SourceDate "2021.10.24"]
[SourceVersion "1"]
[SourceVersionDate "2021.10.24"]
[SourceQuality "1"]

1. f4 d5 2. Nf3 Nf6 3. e3 Bg4 4. h3 Bxf3 5. Qxf3 Nbd7 6. d4 Ne4 7. Nd2 f5 8. Nxe4 dxe4 9. Qh5+ g6 10. Qh4 c5 11. c3 Qb6 12. Bc4 cxd4 13. exd4 Nf6 14. Qf2 Bg7 15. Be3 Rc8 16. Bb3 Qa5 17. 0-0 Nd5 18. g4 e6 19. g5 b5 20. a3 0-0 21. Qe2 Rc6 22. h4 Rfc8 23. h5 Qb6 24. Bd2 a5 25. Kg2 Qb7 26. Kg3 Nxc3 27. bxc3 Rxc3+ 28. Bxc3 Rxc3+ 29. Kh4 Rxb3 30. Rab1 Qd5 31. Qc2 Rxb1 32. Qc8+ Bf8 33. Rxb1 Qa2 0-1

[Event "LSS No Engine Cup 208 Preliminary 0"]
[Site "LSS email"]
[Date "2020.10.01"]
[Round "?"]
[White "Schnoewitz, Brigitte"]
[Black "Van Hoorebeke, Jimmy"]
[Result "0-1"]
[WhiteElo "1265"]
[BlackElo "1600"]
[PlyCount "64"]
[EventDate "2020.10.01"]
[EventType "tourn (corr)"]
[EventRounds "6"]
[EventCountry "GER"]
[SourceTitle "Corr 2022"]
[Source "ChessBase"]
[SourceDate "2021.10.24"]
[SourceVersion "1"]
[SourceVersionDate "2021.10.24"]
[SourceQuality "1"]

1. d4 f5 2. Bf4 Nf6 3. h3 d5 4. e3 e6 5. Nf3 c5 6. Be2 Nc6 7. c3 cxd4 8. exd4 Be7 9. Nbd2 0-0 10. 0-0 Ne4 11. Ne5 g5 12. Bh2 Bd6 13. Ndf3 f4 14. a3 Nxe5 15. dxe5 Be7 16. Qc2 b6 17. Nd4 Qc7 18. Bg4 Qxe5 19. Nc6 Qf6 20. Nxe7+ Qxe7 21. Be2 a5 22. Rad1 Ba6 23. c4 Rac8 24. Rfe1 Bxc4 25. Qb1 Qc5 26. Bxc4 Nxf2 27. Rc1 dxc4 28. Kf1 Nd3 29. Bg1 Qb5 30. Rxe6 Nxc1 31. Rxb6 Qd5 32. Qxc1 Qd3+ 0-1

[Event "LSS No Engine Cup 208 Preliminary 0"]
[Site "LSS email"]
[Date "2020.10.01"]
[Round "?"]
[White "Van Hoorebeke, Jimmy"]
[Black "Gyongyosi, Peter Laszlo"]
[Result "1-0"]
[WhiteElo "1600"]
[BlackElo "1056"]
[PlyCount "55"]
[EventDate "2020.10.01"]
[EventType "tourn (corr)"]
[EventRounds "6"]
[EventCountry "GER"]
[SourceTitle "Corr 2022"]
[Source "ChessBase"]
[SourceDate "2021.10.24"]
[SourceVersion "1"]
[SourceVersionDate "2021.10.24"]
[SourceQuality "1"]

1. e4 d5 2. exd5 Qxd5 3. d4 Nf6 4. c4 Qd8 5. Nf3 Bg4 6. Nc3 e6 7. a3 c6 8. Be2 Be7 9. 0-0 0-0 10. Qb3 Qc7 11. Bg5 h6 12. Bh4 Nbd7 13. Rfd1 Rae8 14. Rac1 Bf5 15. d5 exd5 16. cxd5 Bd6 17. dxc6 bxc6 18. Bd3 Bg4 19. Bg3 Bxf3 20. Bxd6 Qa5 21. gxf3 Nc5 22. Bxc5 Qxc5 23. Ne4 Qe5 24. Rxc6 Nxe4 25. Bxe4 Rb8 26. Qc3 Qg5+ 27. Kh1 f5 28. Rg1 1-0

[Event "LSS No Engine Cup 208 Preliminary 0"]
[Site "LSS email"]
[Date "2020.10.01"]
[Round "?"]
[White "Van Hoorebeke, Jimmy"]
[Black "Zmolil, Karel"]
[Result "1/2-1/2"]
[WhiteElo "1600"]
[BlackElo "1316"]
[PlyCount "99"]
[EventDate "2020.10.01"]
[EventType "tourn (corr)"]
[EventRounds "6"]
[EventCountry "GER"]
[SourceTitle "Corr 2022"]
[Source "ChessBase"]
[SourceDate "2021.10.24"]
[SourceVersion "1"]
[SourceVersionDate "2021.10.24"]
[SourceQuality "1"]

1. e4 e5 2. Bc4 Nc6 3. Nf3 h6 4. c3 Nf6 5. d3 d6 6. Bb3 Bg4 7. Nbd2 Qd7 8. h3 Be6 9. Nf1 Be7 10. Ng3 Bd8 11. 0-0 Ne7 12. d4 exd4 13. cxd4 Bxb3 14. Qxb3 Rb8 15. Re1 0-0 16. Nh4 c6 17. Ngf5 Kh7 18. Qg3 Rg8 19. Qxd6 Qxd6 20. Nxd6 Rf8 21. Nhf5 Nfg8 22. Bf4 Bc7 23. e5 Nxf5 24. Nxf5 g5 25. Bd2 Rfe8 26. Bb4 Re6 27. Bd6 Bxd6 28. Nxd6 Kg6 29. b4 Ne7 30. a4 Nf5 31. Nxf5 Kxf5 32. Rac1 Rbe8 33. b5 Rd8 34. g4+ Kg6 35. bxc6 bxc6 36. Red1 Rd5 37. Kf1 f6 38. exf6 Kxf6 39. Rc4 Ke7 40. Re1 Rxe1+ 41. Kxe1 Kd6 42. Kd2 Ra5 43. Ke3 Kd5 44. Kd3 c5 45. dxc5 Rxc5 46. Rd4+ Ke5 47. Re4+ Kd5 48. Rb4 Ra5 49. Ke3 Rc5 50. Kd3 1/2-1/2

[Event "SC-2019-0-00380"]
[Site "LSS email"]
[Date "2019.10.25"]
[Round "?"]
[White "Van Hoorebeke, Jimmy"]
[Black "Schleef, Harald"]
[Result "0-1"]
[WhiteElo "800"]
[BlackElo "1705"]
[PlyCount "28"]
[EventDate "2019.07.30"]
[EventType "tourn (corr)"]
[EventRounds "6"]
[EventCountry "GER"]
[SourceTitle "Corr 2022"]
[Source "ChessBase"]
[SourceDate "2021.10.24"]
[SourceVersion "1"]
[SourceVersionDate "2021.10.24"]
[SourceQuality "1"]

1. e4 c5 2. d4 cxd4 3. c3 dxc3 4. Nxc3 e6 5. Nf3 a6 6. Bc4 Nc6 7. 0-0 d6 8. Qe2 Be7 9. Rd1 Qc7 10. Bf4 Nf6 11. Rac1 0-0 12. Bb3 Qb8 13. h3 Ne5 14. Nd4 Bd7 0-1

[Event "OP-2019-0-04857"]
[Site "LSS email"]
[Date "2019.10.12"]
[Round "?"]
[White "Van Hoorebeke, Jimmy"]
[Black "Verich, Oleg"]
[Result "0-1"]
[WhiteElo "800"]
[BlackElo "1031"]
[PlyCount "48"]
[EventDate "2019.10.02"]
[EventType "tourn (corr)"]
[EventRounds "4"]
[EventCountry "GER"]
[SourceTitle "Corr 2022"]
[Source "ChessBase"]
[SourceDate "2021.10.24"]
[SourceVersion "1"]
[SourceVersionDate "2021.10.24"]
[SourceQuality "1"]

1. e4 e5 2. Bc4 Nf6 3. d3 Be7 4. Nf3 Nc6 5. 0-0 d5 6. exd5 Nxd5 7. Re1 Bg4 8. h3 Be6 9. Nxe5 Nxe5 10. Rxe5 Bf6 11. Re1 0-0 12. Nd2 c6 13. Nf3 b5 14. Bb3 a5 15. c3 a4 16. Bc2 Qc7 17. d4 Nf4 18. Ne5 Ng6 19. f4 Bxe5 20. fxe5 Qe7 21. Bd2 Qh4 22. Be4 Nf4 23. Qf3 Nd5 24. b3 f5 0-1

[Event "Arber op 8th"]
[Site "Bodenmais"]
[Date "2019.07.31"]
[Round "5"]
[White "Hoehfeld, Markus"]
[Black "Van Hoorebeke, Jimmy"]
[Result "0-1"]
[WhiteElo "1895"]
[BlackElo "1700"]
[PlyCount "80"]
[EventDate "2019.07.27"]
[EventType "swiss"]
[EventRounds "9"]
[EventCountry "GER"]
[SourceTitle "CBM 191 Extra"]
[Source "ChessBase"]
[SourceDate "2019.09.30"]
[SourceVersion "1"]
[SourceVersionDate "2019.09.30"]
[SourceQuality "1"]

1. d4 f5 2. Nf3 Nf6 3. g3 g6 4. Bg2 Bg7 5. 0-0 0-0 6. Nbd2 d6 7. Re1 Nc6 8. e4 f4 9. d5 Nb4 10. gxf4 Nh5 11. Nf1 Nxf4 12. Bxf4 Rxf4 13. Qd2 Qf8 14. Qxb4 Rxf3 15. Bxf3 Qxf3 16. Qb3 Qf7 17. Rab1 Bg4 18. Qg3 h5 19. Re3 Rf8 20. Nd2 Be5 21. Qg2 Bd4 22. c3 Bxe3 23. fxe3 Qg7 24. Rf1 Rxf1+ 25. Qxf1 c6 26. h3 Bd7 27. Qf4 Bxh3 28. Nf3 Bd7 29. Ng5 Qf6 30. Kg2 Qxf4 31. exf4 cxd5 32. exd5 Kg7 33. Kg3 Kf6 34. Nh7+ Kf5 35. Nf8 Bc8 36. Kf3 b5 37. b3 Bb7 38. c4 bxc4 39. bxc4 Ba6 40. Ne6 Bxc4 0-1

[Event "Arber op 7th"]
[Site "Bodenmais"]
[Date "2018.07.29"]
[Round "2"]
[White "Van Hoorebeke, Jimmy"]
[Black "Karayilan, Nilufer"]
[Result "1-0"]
[WhiteElo "1783"]
[BlackElo "1326"]
[PlyCount "49"]
[EventDate "2018.07.28"]
[EventType "swiss"]
[EventRounds "9"]
[EventCountry "GER"]
[SourceTitle "CBM 185 Extra"]
[Source "ChessBase"]
[SourceDate "2018.07.29"]
[SourceVersion "1"]
[SourceVersionDate "2018.07.29"]
[SourceQuality "1"]

1. e4 c5 2. d4 cxd4 3. c3 dxc3 4. Nxc3 a6 5. Bc4 e6 6. Nf3 Bb4 7. 0-0 Qc7 8. Qd3 b5 9. Bb3 Ne7 10. Bd2 Bc5 11. Rac1 Qb6 12. e5 0-0 13. Ne4 d6 14. exd6 Bxd6 15. Qxd6 Qxd6 16. Nxd6 Nbc6 17. Bf4 Bd7 18. Rfd1 Ng6 19. Bg3 Na5 20. Ne5 Nxe5 21. Bxe5 Bc6 22. h3 Nxb3 23. Rxc6 Na5 24. Rc7 f6 25. Bc3 1-0

[Event "Brasschaat op 17th"]
[Site "Brasschaat"]
[Date "2017.08.27"]
[Round "9"]
[White "Decoster, Sam"]
[Black "Van Hoorebeke, Jimmy"]
[Result "1-0"]
[WhiteElo "2126"]
[BlackElo "1790"]
[PlyCount "45"]
[EventDate "2017.08.19"]
[EventType "swiss"]
[EventRounds "9"]
[EventCountry "BEL"]
[SourceTitle "CBM 180 Extra"]
[Source "ChessBase"]
[SourceDate "2017.10.06"]
[SourceVersion "1"]
[SourceVersionDate "2017.10.06"]
[SourceQuality "1"]

1. d4 f5 2. g3 Nf6 3. Bg2 g6 4. Nc3 d5 5. Nh3 Bg7 6. Bf4 a6 7. f3 0-0 8. Qd2 Nc6 9. 0-0-0 Nh5 10. Bh6 e6 11. Bxg7 Kxg7 12. e4 fxe4 13. fxe4 Nf6 14. e5 Ng4 15. Nf4 Nh6 16. h4 Nf5 17. Nce2 Bd7 18. Bh3 Qe7 19. Bxf5 Rxf5 20. g4 Rf7 21. h5 Rg8 22. hxg6 hxg6 23. Nxe6+ 1-0

[Event "Brasschaat op 17th"]
[Site "Brasschaat"]
[Date "2017.08.26"]
[Round "8"]
[White "Van Hoorebeke, Jimmy"]
[Black "Punt, Rene"]
[Result "1/2-1/2"]
[WhiteElo "1790"]
[BlackElo "1860"]
[PlyCount "38"]
[EventDate "2017.08.19"]
[EventType "swiss"]
[EventRounds "9"]
[EventCountry "BEL"]
[SourceTitle "CBM 180 Extra"]
[Source "ChessBase"]
[SourceDate "2017.10.06"]
[SourceVersion "1"]
[SourceVersionDate "2017.10.06"]
[SourceQuality "1"]

1. e4 e6 2. d4 d5 3. exd5 exd5 4. Bd3 Nf6 5. Nf3 Bg4 6. 0-0 Be7 7. Bf4 Nbd7 8. Re1 Nf8 9. Nbd2 Ne6 10. Be5 0-0 11. c3 Bh5 12. Qc2 Bg6 13. Nh4 Bxd3 14. Qxd3 Ng4 15. Nf5 Nxe5 16. Nxe7+ Qxe7 17. Rxe5 Qf6 18. Qf3 Qxf3 19. Nxf3 c6 1/2-1/2

[Event "Arber op 6th"]
[Site "Bodenmais"]
[Date "2017.08.05"]
[Round "8"]
[White "Kissel, Ralf"]
[Black "Van Hoorebeke, Jimmy"]
[Result "1/2-1/2"]
[WhiteElo "1699"]
[BlackElo "1790"]
[PlyCount "45"]
[EventDate "2017.07.29"]
[EventType "swiss"]
[EventRounds "9"]
[EventCountry "GER"]
[SourceTitle "EXT 2018"]
[Source "ChessBase"]
[SourceDate "2017.10.13"]
[SourceVersion "1"]
[SourceVersionDate "2017.10.13"]
[SourceQuality "1"]

1. e4 c6 2. d4 d5 3. Nc3 dxe4 4. Nxe4 Bf5 5. Ng3 Bg6 6. Nh3 e6 7. Nf4 Bd6 8. Bc4 Qc7 9. Nxg6 hxg6 10. 0-0 Nf6 11. Qe2 Nbd7 12. a4 Nd5 13. c3 0-0-0 14. Bd2 N7f6 15. b4 Nh5 16. Qf3 Nhf4 17. b5 c5 18. a5 b6 19. axb6 Nxb6 20. Bxf4 Bxf4 21. Bb3 c4 22. Bc2 Bd6 23. Be4 1/2-1/2

[Event "Arber op 6th"]
[Site "Bodenmais"]
[Date "2017.07.30"]
[Round "2"]
[White "Krejci, Vera Marie"]
[Black "Van Hoorebeke, Jimmy"]
[Result "0-1"]
[WhiteElo "1436"]
[BlackElo "1790"]
[PlyCount "88"]
[EventDate "2017.07.29"]
[EventType "swiss"]
[EventRounds "9"]
[EventCountry "GER"]
[SourceTitle "CBM 179 Extra"]
[Source "ChessBase"]
[SourceDate "2017.08.23"]
[SourceVersion "1"]
[SourceVersionDate "2017.08.23"]
[SourceQuality "1"]

1. e4 c6 2. d4 d5 3. Nc3 dxe4 4. Nxe4 Bf5 5. Ng3 Bg6 6. Nf3 Nd7 7. h4 h6 8. h5 Bh7 9. Bd3 Bxd3 10. Qxd3 e6 11. Bf4 Qa5+ 12. c3 Ngf6 13. 0-0 Nxh5 14. Qe3 Nxf4 15. Qxf4 Nf6 16. Rfe1 Be7 17. Re5 Qb6 18. Re2 0-0 19. b3 c5 20. Rd1 Rfd8 21. Ree1 Nd5 22. Qc1 cxd4 23. Nxd4 Nxc3 24. Qb2 Nxd1 25. Rxd1 Bf6 26. Nge2 e5 27. Qa1 exd4 28. Nf4 d3 29. Qb1 d2 30. Qc2 Rac8 31. Qb1 Bg5 32. Ne2 Qa6 33. Ng3 Rc1 34. Rxc1 dxc1Q+ 35. Qxc1 Bxc1 36. a4 Rd1+ 37. Kh2 Qd6 38. a5 Qf4 39. Kh3 h5 40. f3 g5 41. Nf1 Rxf1 42. g3 Rxf3 43. Kg2 Qxg3+ 44. Kh1 Rf1# 0-1

[Event "Goch op 26th"]
[Site "Goch"]
[Date "2015.09.05"]
[Round "5"]
[White "Van Hoorebeke, Jimmy"]
[Black "Spiekermann, Stefan"]
[Result "0-1"]
[WhiteElo "1835"]
[BlackElo "2015"]
[PlyCount "54"]
[EventDate "2015.09.03"]
[EventType "swiss"]
[EventRounds "7"]
[EventCountry "GER"]
[SourceTitle "EXT 2018"]
[Source "ChessBase"]
[SourceDate "2017.10.13"]
[SourceVersion "1"]
[SourceVersionDate "2017.10.13"]
[SourceQuality "1"]

1. e4 c5 2. d4 cxd4 3. c3 dxc3 4. Nxc3 Nc6 5. Nf3 d6 6. Bc4 a6 7. e5 e6 8. Bf4 dxe5 9. Qxd8+ Nxd8 10. Nxe5 Nf6 11. 0-0 Be7 12. Rfd1 b5 13. Bb3 Bb7 14. Rac1 Rc8 15. a3 Nc6 16. Ne2 Nxe5 17. Rxc8+ Bxc8 18. Bxe5 0-0 19. h3 Bb7 20. Bd6 Bxd6 21. Rxd6 Rc8 22. Nd4 Kf8 23. Rb6 Rb8 24. Nc6 Nd7 25. Nxb8 Nxb6 26. Bd1 Ke7 27. Bf3 Nd5 0-1

[Event "Goch op 26th"]
[Site "Goch"]
[Date "2015.09.04"]
[Round "2"]
[White "Bieker, Peter"]
[Black "Van Hoorebeke, Jimmy"]
[Result "1/2-1/2"]
[WhiteElo "1514"]
[BlackElo "1835"]
[PlyCount "41"]
[EventDate "2015.09.03"]
[EventType "swiss"]
[EventRounds "7"]
[EventCountry "GER"]
[SourceTitle "EXT 2018"]
[Source "ChessBase"]
[SourceDate "2017.10.13"]
[SourceVersion "1"]
[SourceVersionDate "2017.10.13"]
[SourceQuality "1"]

1. d4 f5 2. Bf4 Nf6 3. e3 g6 4. Nd2 Bg7 5. Ngf3 0-0 6. c3 d6 7. Bc4+ d5 8. Bd3 Nbd7 9. Qb3 c5 10. c4 cxd4 11. exd4 Nb6 12. c5 Nbd7 13. Ng5 e5 14. Bxe5 Re8 15. f4 Nxe5 16. fxe5 Ng4 17. Ndf3 h6 18. Nh3 g5 19. 0-0 Ne3 20. Rf2 f4 21. Nd2 1/2-1/2

[Event "Lille Luce op 6th"]
[Site "Lille"]
[Date "2015.05.04"]
[Round "1"]
[White "Van Hoorebeke, Jimmy"]
[Black "Poissonnier, Jean Louis"]
[Result "1-0"]
[WhiteElo "1841"]
[BlackElo "1577"]
[PlyCount "119"]
[EventDate "2015.05.04"]
[EventType "swiss"]
[EventRounds "9"]
[EventCountry "FRA"]
[SourceTitle "EXT 2017"]
[Source "ChessBase"]
[SourceDate "2016.10.25"]
[SourceVersion "1"]
[SourceVersionDate "2016.10.25"]
[SourceQuality "1"]

1. e4 c5 2. d4 g6 3. Nf3 Bg7 4. c3 d5 5. dxc5 dxe4 6. Qxd8+ Kxd8 7. Ng5 Nh6 8. Nxe4 f5 9. Ng5 Ke8 10. Bc4 Nd7 11. 0-0 Ne5 12. Bd5 Nhf7 13. Nxf7 Nxf7 14. Re1 Ne5 15. Na3 Nd3 16. Re2 Nxc5 17. Bg5 Ne4 18. Bxe4 fxe4 19. Rxe4 e5 20. Nc4 Bf5 21. Re3 h6 22. Bh4 e4 23. Rd1 Bf8 24. Rd5 Rh7 25. g4 Be6 26. Re5 Kd7 27. R3xe4 Re8 28. Bg3 b6 29. Rd4+ Kc6 30. Re1 Bc5 31. Rde4 Kd5 32. Ne5 Bd6 33. c4+ Kc5 34. Nd3+ Kc6 35. Rxe6 Rd8 36. Nb4+ Kc5 37. Bxd6+ Rxd6 38. R1e5+ Kxb4 39. Rxd6 Kxc4 40. Rxg6 Kd3 41. Ree6 Kc2 42. b4 Kb2 43. a4 Ka3 44. a5 Kxb4 45. axb6 axb6 46. Rxb6+ Kc5 47. Rxh6 Rg7 48. Rhg6 Rf7 49. h4 Kd5 50. h5 Ke5 51. h6 Rh7 52. Rg7 Rh8 53. h7 Kf4 54. g5 Kg4 55. g6 Rd8 56. Rf7 Kh3 57. h8Q+ Rxh8 58. Rh7+ Rxh7 59. gxh7 Kg4 60. h8Q 1-0

[Event "Lille Luce op 5th"]
[Site "Lille"]
[Date "2014.04.30"]
[Round "4"]
[White "Roger, Mehdi"]
[Black "Van Hoorebeke, Jimmy"]
[Result "1-0"]
[WhiteElo "2202"]
[BlackElo "1821"]
[PlyCount "87"]
[EventDate "2014.04.28"]
[EventType "swiss"]
[EventRounds "9"]
[EventCountry "FRA"]
[SourceTitle "CBM 160 Extra"]
[Source "ChessBase"]
[SourceDate "2014.07.01"]
[SourceVersion "1"]
[SourceVersionDate "2014.07.01"]
[SourceQuality "1"]

1. e4 c6 2. d4 d5 3. e5 c5 4. dxc5 Nc6 5. Bb5 e6 6. Be3 Bd7 7. Bxc6 Bxc6 8. Bd4 Qg5 9. g3 Ne7 10. f4 Qg6 11. Nf3 Nf5 12. c3 Be7 13. Qe2 a6 14. a4 Nxd4 15. cxd4 Bxa4 16. Nc3 Bc6 17. b4 0-0 18. 0-0 Rfc8 19. Ra2 b5 20. Rfa1 Bb7 21. Qc2 Qxc2 22. Rxc2 Kf8 23. Rca2 h6 24. h4 g6 25. Kf2 Ke8 26. Rh1 Kf8 27. Ke3 Kg7 28. Nd2 Bd8 29. Nb3 Bc7 30. Na5 Bxa5 31. Rxa5 Rc6 32. Rha1 Rcc8 33. Rh1 Rc6 34. Ne2 Rcc8 35. g4 Rh8 36. h5 Bc6 37. Ng3 Bd7 38. Rha1 Bc8 39. Rxb5 Bd7 40. Rb7 Bb5 41. hxg6 Kxg6 42. f5+ exf5 43. gxf5+ Kg7 44. Nh5+ 1-0

[Event "Brasschaat op 03rd"]
[Site "Brasschaat"]
[Date "2003.08.24"]
[Round "2"]
[White "Van Hoorebeke, Jimmy"]
[Black "Verelst, Siemen"]
[Result "1-0"]
[WhiteElo "1867"]
[BlackElo "1247"]
[PlyCount "43"]
[EventDate "2003.08.24"]
[EventType "swiss"]
[EventRounds "9"]
[EventCountry "BEL"]
[SourceTitle "EXT 2017"]
[Source "ChessBase"]
[SourceDate "2016.10.25"]
[SourceVersion "1"]
[SourceVersionDate "2016.10.25"]
[SourceQuality "1"]

1. e4 e6 2. d4 d5 3. e5 c5 4. c3 Qb6 5. Nf3 Nc6 6. Bd3 Bd7 7. 0-0 cxd4 8. cxd4 Nxd4 9. Nxd4 Qxd4 10. Nc3 Qxe5 11. Re1 Qc7 12. Nxd5 Qc6 13. Bb5 Qc8 14. Bf4 Bxb5 15. Nc7+ Ke7 16. Bd6+ Kf6 17. Qf3+ Kg6 18. Qg4+ Kf6 19. Be5+ Ke7 20. Qb4+ Kd8 21. Qxf8+ Kd7 22. Qd6# 1-0

[Event "Brasschaat op 03rd"]
[Site "Brasschaat"]
[Date "2003.08.??"]
[Round "6"]
[White "Van Hoorebeke, Jimmy"]
[Black "Adams, Gert"]
[Result "1/2-1/2"]
[WhiteElo "1867"]
[BlackElo "1806"]
[PlyCount "70"]
[EventDate "2003.08.24"]
[EventType "swiss"]
[EventRounds "9"]
[EventCountry "BEL"]
[SourceTitle "EXT 2017"]
[Source "ChessBase"]
[SourceDate "2016.10.25"]
[SourceVersion "1"]
[SourceVersionDate "2016.10.25"]
[SourceQuality "1"]

1. e4 c6 2. Nf3 d5 3. Nc3 dxe4 4. Nxe4 Nf6 5. Ng3 g6 6. Bc4 Bg7 7. 0-0 0-0 8. d4 Bg4 9. c3 Nbd7 10. Re1 Nb6 11. Bb3 Qc7 12. h3 Bf5 13. Nxf5 gxf5 14. Ne5 e6 15. Bf4 Nbd5 16. Bh2 Qd8 17. Nd3 Re8 18. Qf3 Ne4 19. Rad1 Ng5 20. Qh5 Qf6 21. Be5 Qg6 22. Qxg6 hxg6 23. Bxg7 Kxg7 24. c4 Nb6 25. Nc5 Rab8 26. d5 exd5 27. Rxe8 Rxe8 28. cxd5 Nxd5 29. Nxb7 Re2 30. Nd8 Rxb2 31. Nxc6 Nc3 32. Ra1 a6 33. Bc4 Nge4 34. f3 Nc5 35. Ne5 f6 1/2-1/2

[Event "Brasschaat op 03rd"]
[Site "Brasschaat"]
[Date "2003.08.??"]
[Round "4"]
[White "Van Hoorebeke, Jimmy"]
[Black "Van den Brande, Werner"]
[Result "0-1"]
[WhiteElo "1867"]
[BlackElo "2252"]
[PlyCount "44"]
[EventDate "2003.08.24"]
[EventType "swiss"]
[EventRounds "9"]
[EventCountry "BEL"]
[SourceTitle "EXT 2017"]
[Source "ChessBase"]
[SourceDate "2016.10.25"]
[SourceVersion "1"]
[SourceVersionDate "2016.10.25"]
[SourceQuality "1"]

1. e4 c5 2. d4 cxd4 3. c3 dxc3 4. Nxc3 Nc6 5. Nf3 d6 6. Bc4 a6 7. 0-0 Nf6 8. h3 e6 9. Qe2 b5 10. Bb3 Ra7 11. Rd1 Rd7 12. Bf4 Be7 13. Rac1 Bb7 14. a4 b4 15. Nb1 0-0 16. Nbd2 Na5 17. Ba2 Qa8 18. e5 Nd5 19. Bh2 Rfd8 20. Nc4 Nxc4 21. Rxc4 dxe5 22. Nxe5 Nf4 0-1

[Event "Ghent C&D op"]
[Site "Ghent"]
[Date "2003.04.21"]
[Round "7"]
[White "Van Hoeve, Ab"]
[Black "Van Hoorebeke, Jimmy"]
[Result "1/2-1/2"]
[WhiteElo "1820"]
[BlackElo "1812"]
[PlyCount "21"]
[EventDate "2003.04.19"]
[EventType "swiss"]
[EventRounds "7"]
[EventCountry "BEL"]
[SourceTitle "EXT 2005"]
[Source "ChessBase"]
[SourceDate "2004.11.15"]
[SourceVersion "1"]
[SourceVersionDate "2004.11.15"]
[SourceQuality "1"]

1. Nf3 f5 2. g3 Nf6 3. Bg2 g6 4. 0-0 Bg7 5. d3 0-0 6. Nc3 d6 7. e4 fxe4 8. dxe4 e5 9. h3 Nc6 10. Be3 Qe7 11. Qe2 1/2-1/2